00308nam a22001097a 4500020001500000040000900015082002100024100002000045245004200065260004900107650004200156 a0471831891 cNust a621.38132bBAH'M aPrakash Bhartia aMicrowave Solid state circuit design  aNew York :bJohn Willey and sons Inc,c1988. aMicrowave Solid state circuit design